The english roses: big-sister blues: book 5 (Record no. 9147)

MARC details
000 -LEADER
fixed length control field 00773nam a22002057a 4500
003 - CONTROL NUMBER IDENTIFIER
control field OSt
005 - DATE AND TIME OF LATEST TRANSACTION
control field 20260316061612.0
008 - FIXED-LENGTH DATA ELEMENTS--GENERAL INFORMATION
fixed length control field 260316b |||||||| |||| 00| 0 eng d
020 ## - INTERNATIONAL STANDARD BOOK NUMBER
International Standard Book Number 978-0-14-241093-6
040 ## - CATALOGING SOURCE
Original cataloging agency DWCL GS lib
Transcribing agency OC
100 ## - MAIN ENTRY--PERSONAL NAME
Personal name RITCHIE, MADONNA
245 ## - TITLE STATEMENT
Title The english roses: big-sister blues: book 5
Statement of responsibility, etc. RITCHIE, MADONNA
260 ## - PUBLICATION, DISTRIBUTION, ETC.
Place of publication, distribution, etc. New York
Name of publisher, distributor, etc. Puffin Books
Date of publication, distribution, etc. 2008
300 ## - PHYSICAL DESCRIPTION
Extent vii, 116 pages.
Dimensions 18cm.
520 ## - SUMMARY, ETC.
Summary, etc. In The English Roses: Big-Sister Blues (Book 5) by Madonna, Amy fears her life will end when her new baby sister arrives, especially after her mother cancels a trip to Milan.
546 ## - LANGUAGE NOTE
Language note English
650 ## - SUBJECT ADDED ENTRY--TOPICAL TERM
Source of heading or term realistic fiction
650 ## - SUBJECT ADDED ENTRY--TOPICAL TERM
Source of heading or term learning that love is not a finite resource.
942 ## - ADDED ENTRY ELEMENTS (KOHA)
Source of classification or shelving scheme Dewey Decimal Classification
Koha item type Fiction
Classification part Fic.
Suppress in OPAC No

No items available.